000 00742nam a2200229Ia 4500
008 191130s2010##################000#0#eng##
020 _a9780521130752
040 _aACL
_cACL
082 _a351.41 DUN
100 _aDunsire, Andrew
245 _aCutback management in public bureaucracies : popular theories and observed outcomes in Whitehall
_cAndrew Dunsire and Christopher Hood
260 _aCambridge
_bCambridge University Press
_c2010
300 _axiv. 254 p
650 _aAdministrative agencies, Management
650 _aBureaucracy
650 _aGovernment spending policy
650 _aGreat Britain
700 _aHood, Christopher
990 _a25f57731ac10000c20df75ba8ef1ad5b
991 _a47804
999 _c143669
_d143669